Principles of computer science
Saved in:
| Main Author: | |
|---|---|
| Format: | Book |
| Language: | English |
| Published: |
London :
Prentice-Hall,
[1988]
|
| Subjects: | |
| Tags: |
Add Tag
No Tags, Be the first to tag this record!
|
MARC
| LEADER | 00000nam a2200000 i 4500 | ||
|---|---|---|---|
| 001 | 1/72349 | ||
| 008 | 970818s1988 eng d | ||
| 020 | |a 0-13-710096-5 | ||
| 035 | |a 1992 |b 1 |c Ανθουλιάς |l 10031216 | ||
| 040 | |a GR-MY-UA |b gre |e aacr | ||
| 041 | 0 | |a eng | |
| 082 | 0 | |a 004 | |
| 100 | 1 | |a Schaffer, Cullen |d 1960- | |
| 245 | 1 | 0 | |a Principles of computer science / |c Cullen Schaffer |
| 260 | |a London : |b Prentice-Hall, |c [1988] | ||
| 300 | |a 413 p. | ||
| 650 | 0 | 0 | |a Computer science. |
| 852 | |a INST |b RHODES |e 19970818 |h 004 SCH |p 005400008570 |q 005400008570 |t BK |y 0 | ||
| 909 | |a Ρ |b 022700 |c 1992 | ||